LEADER 00887nam a2200241 i 4500 001 000000147285 003 CaOOAMICUS 005 20060130000000.0 008 060130s1982 fr u000 u fre u 013 $a124359 020 $a2-07-024315-X 040 $aSeMil$bita 245 10$a1815-1820 /$cTextes établis et annotés par Pierre Riberette. 300 $a553 p. 500 $aFondo Ciprandi. 700 1 $aRiberette, Pierre.$0(OLS)http://semarc/name/52500 773 0 $aChateaubriand, François René : de <1768-1848>$tCorrespondance générale.$d[Paris] : Gallimard, 1977-1982.$g3$w()15284 850 $aSeMil 852 $aSeMil$W1$xVenegono$y1$m1W IV 98$j99858$B99858$CSeMilBibl$Z2$F108406 $81 941 1 $a1 961 $aOmaggio: Ciprandi dott. Paolo 996 $6020$a2-07-024315-X$9(OLS)http://semarc/number/135958 996 $6245$a1815-1820$9(OLS)http://semarc/title/215371 LEADER 00807nam a2200205 i 4500 001 000000155635 003 CaOOAMICUS 005 20061116000000.0 008 061116s1949 it u000 u ita u 013 $a132989 040 $aSeMil$bita 100 1 $aAlighieri, Dante,$d<1265-1321>.$0(OLS)http://semarc/name/453 245 10$aParadiso. 300 $aXIX, 479 p., [1] c. di tav. a colori. 650 4$aAlighieri, Dante <1265-1321> . Divina Commedia . Paradiso.$0(OLS)http://semarc/subject/28996 773 0 $aAlighieri, Dante <1265-1321>$tDivina Commedia.$dPadova : Il Messaggero di S. Antonio, [1949]?.$w()16845 850 $aSeMil 852 $aSeMil$W1$xVenegono$y1$m1E I 43/3$j107466$B107466$CSeMilBibl$Z2$F116945 $81 961 $aRecupero: Altro 996 $6245$aParadiso$9(OLS)http://semarc/title/120435